000 00669cam a22002173a 4500
001 41394
003 PGUSA
005 20140828083930.0
008 121117s2012||||xxu|||||s|||||000 | eng d
040 _aPGUSA
_beng
042 _adc
100 1 _aOtis, Charles Herbert
245 1 0 _aMichigan Trees :
_bA Handbook of the Native and Most Important Introduced Species
_h[electronic resource] /
_cCharles Herbert Otis
260 _bProject Gutenberg,
_c2012
506 _aPublic domain in the USA.
516 _aElectronic text
700 1 _aBurns, George Plumer
830 0 _aProject Gutenberg
_v41394
856 4 0 _uhttp://www.gutenberg.org/ebooks/41394
942 _cEB
999 _c270646
_d270646